[Event "Solta op 8th"]
[Site "Grohote"]
[Date "2025.06.30"]
[Round "2"]
[White "Kelbl, Jakob"]
[Black "Rehak, Bozidar"]
[Result "1-0"]
[WhiteElo "1973"]
[BlackElo "1734"]
[PlyCount "75"]
[EventDate "2025.06.29"]
[EventType "swiss"]
[EventRounds "9"]
[EventCountry "CRO"]
[SourceTitle "CB28_2025"]
[SourceDate "2025.07.09"]
[SourceVersion "1"]
[SourceVersionDate "2025.07.09"]
[SourceQuality "1"]

1. e4 c5 2. Nc3 a6 3. g3 Nc6 4. Bg2 g6 5. d3 Bg7 6. f4 e6 7. Nf3 Nge7 8. 0-0 0-0 9. Be3 b6 10. d4 cxd4 11. Nxd4 Qc7 12. Nxc6 dxc6 13. e5 Nd5 14. Nxd5 cxd5 15. Bd4 Bb7 16. Qd2 Rac8 17. Rfc1 Rfe8 18. Qe3 b5 19. a4 Qd7 20. axb5 Qxb5 21. Bf1 Qc6 22. c3 Bf8 23. b4 Ra8 24. Ra5 Rec8 25. Rca1 Be7 26. Bd3 Bd8 27. R5a2 Bc7 28. g4 Bd8 29. f5 Be7 30. f6 Bf8 31. g5 Qd7 32. Ra5 Rcb8 33. Qe2 Bc6 34. Rxa6 Rxa6 35. Bxa6 Bb5 36. Bxb5 Rxb5 37. Ra8 Qc7 38. Qxb5 1-0

[Event "Hvar Arsenal op 3rd"]
[Site "Hvar"]
[Date "2024.10.18"]
[Round "7"]
[White "Kelbl, Jakob"]
[Black "Popovic, Ivo"]
[Result "1-0"]
[WhiteElo "1878"]
[BlackElo "2092"]
[PlyCount "101"]
[EventDate "2024.10.14"]
[EventType "swiss"]
[EventRounds "9"]
[EventCountry "CRO"]
[SourceTitle "CB43_2024"]
[Source "Chessbase"]
[SourceDate "2024.10.23"]
[SourceVersion "1"]
[SourceVersionDate "2024.10.23"]
[SourceQuality "1"]

1. e4 c5 2. Nc3 Nc6 3. Bb5 Nd4 4. Nf3 Nxb5 5. Nxb5 a6 6. Nc3 d6 7. d4 cxd4 8. Nxd4 g6 9. Be3 Bg7 10. Qd2 b5 11. 0-0-0 Bb7 12. f3 Nf6 13. Kb1 0-0 14. h4 Re8 15. Bh6 Bh8 16. h5 b4 17. Nce2 e5 18. Nf5 d5 19. Qg5 Nxe4 20. fxe4 Qxg5 21. Bxg5 gxf5 22. exd5 f6 23. Bh4 f4 24. c4 Rac8 25. Rc1 Red8 26. Rhd1 Rd6 27. a3 bxa3 28. b4 Bg7 29. Ka2 Bf8 30. Bf2 Rd7 31. Kb3 Bh6 32. Nc3 f3 33. Rc2 fxg2 34. Ne4 Kf7 35. Nc5 Rdc7 36. d6 Rxc5 37. Bxc5 Bc6 38. Ra2 Ke6 39. Rxa3 Bd7 40. Rxa6 Rxc5 41. bxc5 Be3 42. c6 g1Q 43. Rxg1 Bxg1 44. cxd7 Kxd7 45. Kb4 e4 46. c5 Bh2 47. Ra7+ Kd8 48. Kb5 e3 49. Kc6 Ke8 50. d7+ Ke7 51. Ra8 1-0

[Event "SLO-chT U16 27th"]
[Site "Radenci"]
[Date "2024.05.25"]
[Round "3.1"]
[White "Kelbl, Jakob"]
[Black "Gombosi, Svit"]
[Result "1-0"]
[WhiteElo "1671"]
[BlackElo "1547"]
[PlyCount "39"]
[EventDate "2024.05.24"]
[EventType "team-swiss"]
[EventRounds "5"]
[EventCountry "SLO"]
[SourceTitle "EXT 2025"]
[Source "ChessBase"]
[SourceDate "2024.10.14"]
[SourceVersion "1"]
[SourceVersionDate "2024.10.14"]
[SourceQuality "1"]
[WhiteTeam "Gorenjka Lesce U16"]
[BlackTeam "Ptuj U16 III"]
[WhiteTeamCountry "SLO"]
[BlackTeamCountry "SLO"]

1. d4 d5 2. Bf4 Nc6 3. e3 e6 4. c3 Nf6 5. Nf3 h6 6. Bd3 Be7 7. h3 Bd7 8. Nbd2 0-0 9. Ne5 a6 10. g4 Nh7 11. Qc2 Nf6 12. Rg1 Bd6 13. 0-0-0 b5 14. g5 hxg5 15. Rxg5 g6 16. Bxg6 Bxe5 17. dxe5 Ne8 18. Bd3+ Ng7 19. Rdg1 Kh8 20. Rxg7 1-0